000 00324nam a2200133Ia 4500
005 20251222144734.0
008 251222s9999||||xx |||||||||||||| ||spa||
020 _a2-7118-2798-4
082 _a708.4/O6
100 _aMathieu, Caroline
245 0 _aMusíe d'Orsay:
264 _bRéunion de Musíes Nationaux
942 _cLIB
999 _c18696
_d18696